000 00883nam a2200193 a 4500
003 0
005 20250319105703.0
008 060802s19uu xx 00 eng d
050 _aPGS LB 1585.S35.A33
_b.V227 2006
100 _aVandenBerghe, Kimberly Maritess M.
245 _aThe effects of insufficiency of Science educational materials on the academic performance of the grade six Molino Elementary School students /
_cKimberly Maritess M. VandenBerghe.
260 _aLas PiƱas City, Philippines :
_bSouthville International School and Colleges,
_c2006.
300 _a28 pages :
_billustrations ;
_c28 cm.
504 _aIncludes bibliographical references.
650 _aScience
_vStudy and teaching (Elementary)
_vEducational materials.
650 _aAcademic achievement
_vScience education.
650 _aInstructional materials
_vAvailability and impact.
942 _2lcc
_cPASS
999 _c97561
_d97561